000 00696nam a2200289Ia 4500
005 20260324134118.0
008 008 260324s9999 xx 000 0 eng d
020 _a9780203416945
037 _aEBOOK
040 _aCRL
040 _beng
040 _cCRL
041 _2eng
041 _aeng
084 _qCRL
100 _aAnnette Hayton; Anna Paczuska
_91195612
245 0 _aAccess, Participation and Higher Education
245 0 _bPolicy and Practice
260 _bTaylor and Francis
260 _c2002
365 _a
365 _b215
856 _uhttp://www.taylorfrancis.com/books/9780203416945
942 _cEBOOK
999 _c1795333
_d1795333